| 000 | 00893nam a22002177a 4500 | ||
|---|---|---|---|
| 999 |
_c19926 _d19926 |
||
| 003 | AR-CdUCM | ||
| 008 | 190523b ||||| |||| 00| 0 spa d | ||
| 040 |
_aMUNICIPALIDAD PROVINCIAL DEL CUSCO _cBIBLIOTECA MUNICIPAL DEL CUSCO |
||
| 041 | _heng | ||
| 082 |
_a570.7 / _bE2 |
||
| 110 |
_aEducational Programs Improvement Corporation (Venezuela) _941647 |
||
| 245 |
_aCiencias biológicas : _bde las moléculas al hombre / |
||
| 260 |
_aMéxico, D. F. : _bCentro Regional de Ayuda Técnica, Agencia para el Desarrollo Internacional, _c1972. |
||
| 300 |
_a999 páginas ; _bIlustraciones, _c25 cm. |
||
| 505 | _aContenido: La investigación científica -- Variedad de los seres vivos -- Los mecanismos de la evolución... | ||
| 650 |
_aBiología _9881 |
||
| 650 |
_aEstudio y enseñanza _92610 |
||
| 650 |
_aInvestigación científica _99735 |
||
| 942 |
_2ddc _cLIBROS |
||
| 945 |
_adavv _d2019-05-23 |
||